Jugadores Brasil #2 - Estadísticas

Estadísticas generales
  • Esta prueba ha sido intentada 58 veces
  • La puntuación promedio es 14 de 20
Estadísticas de respuestas
Imagen Respuesta % Correcto
Firmino
96%
Fabinho
88%
Fred
88%
Matheus Cunha
88%
Samu Lino
85%
Anderson Talisca
81%
David Neres
81%
Joelinton
81%
Bremer
77%
Malcom
77%
Ederson
65%
Ibañez
65%
Diego Carlos
62%
Murillo
58%
Carlos Augusto
54%
Galeno
54%
Evanilson
50%
Bento
42%
Pepe
42%
Lucas Perri
38%
No se encontraron pruebas coincidentes
Distribución de puntuación
Porcentaje de gente con cada puntuación
Porcentaje por número respondido
Historial de tus puntuaciones
No has intentado esta prueba.